Sports Quiz

Random Sports or WWE Quiz

Name The Wrestler Quiz Stats

 Plays Quiz not verified by Sporcle

Score 0/100 Timer 20:00
0 Plays Today
Hint Wrestler % Correct
'Wooooo!'Ric Flair
74.4%
619Rey Mysterio
73.6%
'...and that's the bottom line, because I said so'Steve Austin
72.3%
Sexual ChocolateMark Henry
71.8%
Was screwed in MontrealBret Hart
71.7%
Died at Over the Edge 1999Owen Hart
71.2%
Carried an American Flag and 2X4 to the ringJim Duggan
70.8%
Hawk's long-time tag team partnerAnimal
70.1%
It's not a skirt, it's a kilt!Rowdy Roddy Piper
70%
Everybody has a priceTed Dibiase
69.8%
Simply RavishingRavishing Rick Rude
69.7%
The All American...American...American...American...Jack Swagger
67.5%
'Damn!'Faarooq
67%
'Hello Ladies!'Val Venis
66.6%
First Issac Yankem, then 'Diesel', now..Kane
64.6%
Mr. Monday NightRob Van Dam
63%
Either Sensational or Scary...Sometimes a QueenSherri
62.8%
Bodyguard of Ted DiBiaseVirgil
62.6%
Host of The Peep ShowChristian
62.2%
World's most dangerous manKen Shamrock
60.7%
3 I's: Intensity, Integrity, and IntelligenceKurt Angle
60.6%
His grooming tips will help you become...Dashing!Cody Rhodes
60.3%
'Ohhhh Yeahh!!! Dig it!'Randy Savage
60.1%
Booker T's brotherStevie Ray
58.7%
Went from first Intercontinental Champion to McMahon's StoogePat Patterson
58.7%
The Japanese BuzzsawTajiri
58.1%
He likes to eat the ring's turnbucklesGeorge Steele
57.8%
Gave birth to a handMae Young
57.4%
Ended Bill Goldberg's Streak of 173 victoriesKevin Nash
57.3%
The Lethal WeaponSteve Blackman
57.2%
Body-slammed Yokozuna on board the USS IntrepidLex Luger
56.8%
His pets include: Damien, Lucifer, and RevelationJake The Snake Roberts
56.6%
Wore embarrassing polka dots with Sapphire in the WWFDusty Rhodes
56.5%
Quit the WWF in 2001 when his then-wife, The Kat, was releasedJerry Lawler
56%
Hint Wrestler % Correct
Thrown through a barber shop windowMarty Jannetty
56%
I'm one half of the British Bulldogs, and my name is NOT Davey Boy SmithDynamite Kid
55.4%
Kliq member NOT involved in the MSG Curtain Call Incident1-2-3 Kid
55.4%
Winner of NXT Season 1Wade Barrett
54.8%
aka The Belfast BruiserFinlay
54.8%
Turned on his brother at SuperBrawl VIII, joining the nWoScott Steiner
54.4%
The Ugandan GiantKamala
53.7%
He became the third member of DemolitionCrush
53.5%
The Headbangers: Mosh and...Thrasher
53.1%
Ran over Steve Austin at Survivor Series 1999Rikishi
52.7%
Man of 1,004 holdsChris Jericho
52.5%
Formed the New Foundation with Owen HartJim Neidhart
52.4%
Ted DiBiase's mystery partner at Survivor Series 1990The Undertaker
52.1%
Named first World Champion on WWE TV by Raw GM Eric BischoffTriple H
51.8%
Butterbean destroyed him in 17 seconds at WrestleMania XVBart Gunn
51.8%
Sadly. he became paralyzed from a botched D'Lo Brown powerbombDroz
51.8%
Winner of Tough Enough Season 1 (male)Maven
51.7%
Debuted in the WWF as manager of Essa RiosLita
51.1%
I tried to look like Little Richard before becoming MarvelousMarc Mero
50.3%
The Rock eliminated this wrestler last to win the 2000 Royal RumbleThe Big Show
50%
Was originally known as the Dingo WarriorUltimate Warrior
49.4%
Once fell in love with a mopPerry Saturn
49.3%
'..and that's an order!!'Sgt Slaughter
49.2%
Won the WWF Championship Tournament at the 1998 Survivor SeriesThe Rock
48.9%
Debuted as a Deacon in 2002Batista
48.4%
I started the LWOEddie Guerrero
47.4%
The nWo had their own version of this wrestlerSting
47.3%
I once carried around cologne called ArroganceRick Martel
45.8%
The Powers of Pain: The Warlord and...The Barbarian
45.6%
I tripped through a wall and my helmet fell off when I debutedShockmaster
45.5%
Self High Five!Diamond Dallas Page
45.2%
Fed Al Snow his own dog, PepperBig Bossman
45.2%
The African DreamAkeem
43.1%
Won the 2nd Royal Rumble everBig John Studd
42.9%
Hint Wrestler % Correct
Never worked for WCW, but is currently married to a Nitro girlShawn Michaels
42.4%
aka Col. MustafaThe Iron Sheik
42.1%
You'll never forget the name...Goldust
41.8%
Wrestler that made the Ultimate Warrior vomit on televisionPapa Shango
40.9%
Died just hours before In Your House: Badd BloodBrian Pillman
40.7%
Kicked out of Nexus for losing to John CenaDarren Young
40%
1/2 of Power and Glory with HerculesPaul Roma
38.9%
This guy was a wrestling Garbage ManDuke Droese
38.7%
The REAL singer of 'With My Baby Tonight'The Roadie
37.4%
My main squeeze was Luna VachonBam Bam Bigelow
36.6%
Winner of NXT Season 2Kaval
36.6%
Debuted in the WWF as a bodyguard for Motley CrueTest
35.5%
Canada's Strongest ManDino Bravo
33%
Son of Polish PowerScott Putski
32.6%
Retired by SheamusJamie Noble
32.5%
Winner of Tough Enough Season 1 (female)Nidia
32%
He was the King at WrestleMania VHaku
30.9%
Cousin of Butch MillerLuke Williams
30.7%
Was undefeated until losing to Ludvig BorgaTatanka
29.5%
Motorcycle accident caused him to wrestle with a prosthetic footKerry Von Erich
29.2%
His wrestling surname is in honor of the late Gorilla MonsoonSantino Marella
27.6%
Tony Atlas competed in the 1991 Royal Rumble under this name...Saba Simba
27.4%
Won the 2006 WWE Diva SearchLayla
26.9%
Lasted 1 hour 1 min 10 seconds in the 1993 Royal RumbleBob Backlund
25.2%
This guy was a wrestling plumberTL Hopper
23.1%
His head was shaved at SummerSlam 1998Jeff Jarrett
22.7%
Tallest member of Raven's FlockReese
21.9%
Leader of the stable 'Revolution'Shane Douglas
20.3%
'You want a war? You're gonna get one.'Scott Hall
20.2%
Runner Up in the 1995 King of the Ring TournamentSavio Vega
20.1%
Sold by Bobby Heenan to Ted DiBiaseHercules
16.1%
First man ever eliminated from a Royal Rumble MatchButch Reed
8.8%

You're not logged in!

Compare scores with friends on all Sporcle quizzes.
OR
Log In

Show Comments

Extras

Top Quizzes Today


Score Distribution

Your Account Isn't Verified!

In order to create a playlist on Sporcle, you need to verify the email address you used during registration. Go to your Sporcle Settings to finish the process.

Report this User

Report this user for behavior that violates our Community Guidelines.

Details: